| 000 | 00479nam a2200157 4500 | ||
|---|---|---|---|
| 001 | 125787 | ||
| 003 | ES-MaACL | ||
| 005 | 20230906192711.0 | ||
| 007 | t| | ||
| 008 | 070214s1950 ag r ||||1| spa d | ||
| 100 | 1 |
_aRaux Deledicque, Michel. _995563 |
|
| 245 | 1 | 0 |
_aAlbéniz _b: su vida inquieta y ardorosa / _cMichel Raux Deledicque. |
| 260 |
_aBuenos Aires : _bPeuser, _c1950. |
||
| 300 |
_a437 p., 1 lám. : _b`retr. aut.` ; _c23 cm. |
||
| 852 |
_aES-MaACL _jD-6657 _bR.30474 |
||
| 999 |
_c125787 _d125787 |
||